000
00208 a2200097 4500
001
24146
100
_a
Tobttd, W.K
245
_a
Automotive encyclopedia
260
_a
_b
Homewood
_c
1968
090
_c
16338
_d
16338
942
_a
NUST-CAE
_c
M
_c
7045
999
_c
259219
_d
259219